000 00513nam a2200169 a 4500
005 20140412111303.0
008 001109s19uu xx 00 eng d
020 _a971-529-023-X
050 _aFil E
_bIs1 1999
100 _aBautista, Fenny delos Angeles
245 _aIsang mundong makabata :
_bbawat bata ay may karapatan /
_cteksto ni Feny De Los Angeles Bautista.
260 _aManila :
_bUNICEF,
_c1999.
300 _a[27] p. ; ill.
650 _aShort story
650 _aChildren story
999 _c103504
_d103504